| 000 | 00889nam a2200217 i 4500 | ||
|---|---|---|---|
| 001 | 46075 | ||
| 003 | ES-MaACL | ||
| 005 | 20250828083959.0 | ||
| 007 | t| | ||
| 008 | 030327s1960 fr ||||1| fre d | ||
| 111 | 2 |
_aConférence Internationale de l'Instruction Publique ( _n23ª. _d1960. _cGinebra) _9163 |
|
| 245 | 1 | 0 |
_aElaboration des programmes de l'enseignement général du second degré _b: XXIIIe Conférence Internationale de l'Instruction Publique : Genéve 1960. |
| 260 |
_aParis : _bUNESCO ; _aGenève : _bBureau International d'Education, _c1960. |
||
| 300 | _a412 p. | ||
| 490 | 1 |
_aPublications du Bureau International d'Education ; _v215 |
|
| 710 | 2 | 0 |
_aOficina Internacional de Educación _96022 |
| 710 | 2 |
_aUnesco. _96999 |
|
| 830 | 0 |
_aPublications du Bureau International d'Education ; _v215 _9181740 |
|
| 852 |
_aES-MaACL _jC-18933 _bR.46641 |
||
| 999 |
_c46075 _d46075 |
||